00361pab a2200121 454500008004000000100002200040245010500062260000900167300001200176362001100188650002000199773002000219180718b2006 xxu||||| |||| 00| 0 eng d aBora, Dalip K. S. aRelevance of needs assessment in information, education and communication strategy for health sector c2006 ap.5-11. a20 Nov aHealth services aUniversity News